All the Suspected and Rumored Children of Zeus - Statistics

General Stats
  • This quiz has been taken 15 times
  • The average score is 10 of 43
Answer Stats
Hint Answer % Correct
Messenger of the Gods Hermes
85%
Olympian God of war Ares
77%
Progenitor of all of the Greek (or Hellenistic) people Hellen
77%
Queen of the Underworld Persephone
77%
He slayed Medusa Perseus
77%
Goddess of hunting, animals, and the wilderness Artemis
69%
Said to be Zeus' favorite child Athena
62%
Goddess of discord Eris
62%
God of the forge Hephaestus
62%
God of music, the sun, poetry, and healing Apollo
54%
God of wine, chaos, and revelry Dionysus
54%
Made up the other half of the Gemini constellation Castor
31%
He was sent a white bull to sacrifice in honor of Poseidon Minos
31%
Tasked with epic poetry and eloquence Calliope
23%
Goddess of youth Hebe
23%
Tasked with dancing and singing Terpsichore
23%
Tasked with comedy and whimsical poetry Thalia
23%
Her loveliness caused the trojan war Helen of Troy
15%
Minor war Goddess Enyo
8%
Tasked with lyric poetry Euterpe
8%
Took on the Twelve Labors; said to be the greatest Greek hero Heracules
8%
Son of Zeus, Poseidon, and Hermes with no mother Orion
8%
Tasked with sacred song, poetry, and dance, and pantomime Polyhymnia
8%
Tasked with astronomy Urania
8%
An Underworld deity Angelia
0%
Muse of vocalizing and song Aoede
0%
A nymph Arge
0%
Consort of Poseidon; heroine in the foundation of Byzantium Ceroessa
0%
Tasked with history and the lyre Clio
0%
A childbirth goddess Eilethieya
0%
Goddess of liberty Eleftheria
0%
Conceived by the touch of Zeus' hand; father of Libya Epaphus
0%
Tasked with erotic poetry and mimicry Erato
0%
Founded a tribe and seen as a heroic figure Graecus
0%
Often entirely replaced his brother, who has similar roles Helmetheus
0%
Heroic tribe founder Latinus
0%
The only daughter of Zeus and Pandora II Melera
0%
Muse of thought and practice Melete
0%
Tasked with chorus and tragedy Melpomene
0%
Muse of memory Mneme
0%
Brother to Latinus and Graecus Pandorus
0%
Made up one half of the Gemini constellation Polydeuces
0%
He killed his son, Pelops, and was sentenced to a dehydartion punishment in the Underworld Tantalus
0%
No matching quizzes found
Score Distribution
Percent of People with Each Score
Percentile by Number Answered
Your Score History
You have not taken this quiz